000 00510nam a2200193Ia 4500
005 20260120131753.0
008 008 260114s9999 xx 000 0 eng d
020 _a9780191990335
037 _aEBOOK
040 _aCRL
_beng
_cCRL
041 _aeng
_2eng
084 _qCRL
100 _aDahiya
_9930985
245 0 _aDigital First
260 _bOxford University PressOxford University Press
_c2023
856 _uhttps://academic.oup.com/book/46830
942 _cEBOOK
999 _c1522907
_d1522907